[Event "European Blitz Championship 2021"]
[Site "Katowice"]
[Date "2021.12.17"]
[Round "10.25"]
[White "Gretarsson, Helgi Ass"]
[Black "Nemec, Jachym"]
[Result "1-0"]
[WhiteElo "2476"]
[BlackElo "2126"]
[Annotator "ChessBase"]
[PlyCount "77"]
[EventDate "2021.12.17"]
[EventType "swiss"]
[EventCountry "POL"]
[SourceTitle "playchess.com"]
[Source "ChessBase"]
[SourceQuality "1"]

1. d4 Nf6 2. c4 g6 3. Nc3 d5 4. Bf4 Bg7 5. Rc1 O-O 6. e3 Be6 7. c5 c6 8. h3 Re8
9. Nf3 Bf5 10. Bd3 Bxd3 11. Qxd3 Nbd7 12. Bh2 h6 13. O-O Nh7 14. e4 dxe4 15.
Nxe4 Nhf6 16. Rfe1 Nxe4 17. Qxe4 Nf6 18. Qc2 e6 19. Rcd1 Nd5 20. a3 a5 21. h4
h5 22. Bd6 Bf6 23. g3 Be7 24. Be5 Bf6 25. Kg2 Kg7 26. Ng5 Kg8 27. Ne4 Bg7 28.
Qe2 f6 29. Bd6 Kh7 30. Qf3 Qd7 31. g4 f5 32. Ng5+ Kg8 33. gxh5 Bh6 34. hxg6 Qg7
35. Nh3 Qxg6+ 36. Kh1 Kh7 37. Rg1 Qf6 38. Qh5 Rg8 39. Be5 1-0

[Event "European Blitz Championship 2021"]
[Site "Katowice"]
[Date "2021.12.17"]
[Round "10.25"]
[White "Norkeliunas, Matas"]
[Black "Pacuszka, Tomasz"]
[Result "0-1"]
[WhiteElo "1626"]
[BlackElo "2145"]
[Annotator "NA"]
[PlyCount "62"]
[EventDate "2021.12.17"]
[EventType "swiss"]
[EventCountry "POL"]
[SourceTitle "playchess.com"]
[Source "ChessBase"]
[SourceQuality "1"]

1. e4 c6 2. d4 d5 3. exd5 cxd5 4. Bd3 Nc6 5. c3 Nf6 6. Ne2 g6 7. O-O Bf5 8.
Bxf5 gxf5 9. Ng3 e6 10. Re1 Be7 11. Bh6 Rg8 12. Qd2 Ne4 13. Nxe4 fxe4 14. Re3
Qc7 15. Rg3 O-O-O 16. Na3 a6 17. Bf4 Bd6 18. Bxd6 Qxd6 19. Rc1 f5 20. c4 f4 21.
c5 Qc7 22. Rh3 Qg7 23. g3 fxg3 24. Rxg3 Qxd4 25. Qh6 Rxg3+ 26. hxg3 Re8 27. Rf1
Qxb2 28. Nb1 Nd4 29. Qh5 Nf3+ 30. Kg2 Rf8 31. Qxh7 Rh8 0-1

[Event "European Blitz Championship 2021"]
[Site "Katowice"]
[Date "2021.12.17"]
[Round "10.26"]
[White "Karpus, Michal"]
[Black "Bernadskiy, Vitaliy"]
[Result "0-1"]
[WhiteElo "2129"]
[BlackElo "2592"]
[Annotator "ChessBase"]
[PlyCount "46"]
[EventDate "2021.12.17"]
[EventType "swiss"]
[EventCountry "POL"]
[SourceTitle "playchess.com"]
[Source "ChessBase"]
[SourceQuality "1"]

1. e4 c5 2. Nf3 d6 3. d4 cxd4 4. Nxd4 Nf6 5. Nc3 a6 6. Be3 e5 7. Nb3 Be6 8. h3
Nc6 9. f4 exf4 10. Bxf4 d5 11. exd5 Nxd5 12. Nxd5 Bxd5 13. Qe2+ Qe7 14. O-O-O
Rd8 15. Qf2 Qf6 16. Qg3 Be7 17. Be2 O-O 18. Bc7 Qg5+ 19. Qxg5 Bxg5+ 20. Kb1 Rd7
21. Bb6 Ne7 22. Bg4 f5 23. Bf3 Bf6 0-1

[Event "European Blitz Championship 2021"]
[Site "Katowice"]
[Date "2021.12.17"]
[Round "10.27"]
[White "Smieszek, Wojciech"]
[Black "Andersen, Mads"]
[Result "0-1"]
[WhiteElo "2080"]
[BlackElo "2575"]
[Annotator "ChessBase"]
[PlyCount "68"]
[EventDate "2021.12.17"]
[EventType "swiss"]
[EventCountry "POL"]
[SourceTitle "playchess.com"]
[Source "ChessBase"]
[SourceQuality "1"]

1. e4 e5 2. Nf3 Nc6 3. Bb5 Nge7 4. O-O g6 5. c3 a6 6. Ba4 Bg7 7. d4 exd4 8.
cxd4 b5 9. Bb3 O-O 10. Nc3 Na5 11. Bc2 d6 12. a4 b4 13. Ne2 Bg4 14. Ng3 c5 15.
Be3 Nc4 16. Bb3 Nxe3 17. fxe3 Rc8 18. Bc4 cxd4 19. Bxa6 Ra8 20. Bc4 dxe3 21. h3
Qb6 22. Kh1 Bxf3 23. Qxf3 Nc6 24. Bxf7+ Kh8 25. Qd1 Bxb2 26. Rb1 Be5 27. Ne2
Kg7 28. Bd5 Rxf1+ 29. Qxf1 Rf8 30. Qc1 Ne7 31. Qc4 Qc5 32. Rxb4 Rf1+ 33. Ng1
Rxg1+ 34. Kxg1 e2+ 0-1

[Event "European Blitz Championship 2021"]
[Site "Katowice"]
[Date "2021.12.17"]
[Round "10.27"]
[White "Sowinski, Pawel"]
[Black "Froewis, Annika"]
[Result "1-0"]
[WhiteElo "1548"]
[BlackElo "2100"]
[Annotator "ChessBase"]
[PlyCount "107"]
[EventDate "2021.12.17"]
[EventType "swiss"]
[EventCountry "POL"]
[SourceTitle "playchess.com"]
[Source "ChessBase"]
[SourceQuality "1"]

1. c4 e5 2. Nc3 Nc6 3. Nf3 g6 4. e4 Bg7 5. g3 d6 6. Bg2 f5 7. d3 Nf6 8. O-O O-O
9. h3 h6 10. Qc2 Be6 11. Nd5 Qd7 12. Kh2 Ne7 13. Nxe7+ Qxe7 14. exf5 gxf5 15.
d4 e4 16. Nh4 Qf7 17. d5 Bd7 18. f3 exf3 19. Bxf3 Nh7 20. Bf4 Rae8 21. Rae1 Ng5
22. Bg2 Qf6 23. b3 Rxe1 24. Rxe1 Qf7 25. Qd3 b6 26. Nf3 Ne4 27. Nd4 Nc5 28. Qd2
Qf6 29. Ne6 Nxe6 30. dxe6 Bxe6 31. Rxe6 Qxe6 32. Bd5 Re8 33. Bxe6+ Rxe6 34. Qd3
Re4 35. h4 Be5 36. Bxe5 Rxe5 37. Kh3 Kg7 38. Qf3 a5 39. Qb7 Re7 40. Qc6 Kf7 41.
a3 Kg7 42. b4 axb4 43. axb4 Kf7 44. c5 bxc5 45. bxc5 dxc5 46. Qxc5 Kf6 47. Qc6+
Kg7 48. h5 Rf7 49. Qg6+ Kf8 50. Qxh6+ Ke7 51. Qc6 Kf8 52. h6 Kg8 53. Qg6+ Kf8
54. h7 1-0

[Event "European Blitz Championship 2021"]
[Site "Katowice"]
[Date "2021.12.17"]
[Round "10.28"]
[White "Krzywda, Andrzej"]
[Black "Mirski, Michal"]
[Result "1/2-1/2"]
[WhiteElo "2100"]
[BlackElo "2039"]
[Annotator "ChessBase"]
[PlyCount "119"]
[EventDate "2021.12.17"]
[EventType "swiss"]
[EventCountry "POL"]
[SourceTitle "playchess.com"]
[Source "ChessBase"]
[SourceQuality "1"]

1. e4 c5 2. Nc3 Nc6 3. f4 e6 4. Nf3 d5 5. Bb5 dxe4 6. Nxe4 Nf6 7. Bxc6+ bxc6 8.
Qe2 Be7 9. Ne5 Nxe4 10. Qxe4 Qd5 11. d3 Bf6 12. Ng4 Ba6 13. Nxf6+ gxf6 14. Bd2
c4 15. Bc3 cxd3 16. cxd3 Rg8 17. g3 f5 18. Qxd5 cxd5 19. Kd2 h5 20. Bf6 Kd7 21.
Rac1 Rab8 22. Rc2 Rgc8 23. Rhc1 Bb5 24. Be5 Rxc2+ 25. Rxc2 Rc8 26. Rxc8 Kxc8
27. Kc3 Kd7 28. d4 Be2 29. Kb4 Kc6 30. a4 a6 31. Bf6 Bd3 32. Be7 Be2 33. Bf8
Bd3 34. Kc3 Be2 35. b4 Bf1 36. Kb3 Be2 37. Bc5 Bd1+ 38. Ka3 Bc2 39. b5+ axb5
40. a5 Kb7 41. Kb4 Bd3 42. Be7 Be2 43. Bd8 Ka6 44. Bc7 Bd3 45. Bb6 Be2 46. Kc5
Bd3 47. Kb4 Be2 48. Bd8 Bd3 49. Kc3 Be2 50. Bc7 Bf1 51. Kb4 Be2 52. Bd8 Bf1 53.
Bf6 Be2 54. Bd8 Bf1 55. Kb3 Be2 56. Kb4 Bf1 57. Kc5 Be2 58. Kb4 Bf1 59. Bc7 Be2
60. Bd6 1/2-1/2

[Event "European Blitz Championship 2021"]
[Site "Katowice"]
[Date "2021.12.17"]
[Round "10.28"]
[White "Kowalczyk, Mariusz"]
[Black "Klekowski, Maciej"]
[Result "0-1"]
[WhiteElo "2070"]
[BlackElo "2499"]
[Annotator "ChessBase"]
[PlyCount "98"]
[EventDate "2021.12.17"]
[EventType "swiss"]
[EventCountry "POL"]
[SourceTitle "playchess.com"]
[Source "ChessBase"]
[SourceQuality "1"]

1. e4 c5 2. c3 Nf6 3. e5 Nd5 4. Nf3 Nc6 5. d4 cxd4 6. cxd4 d6 7. exd6 Qxd6 8.
Be2 g6 9. O-O Bg7 10. Nc3 O-O 11. Be3 Bf5 12. Qd2 Rac8 13. Rac1 Rfd8 14. Bh6
Bf6 15. Rfd1 Nxc3 16. bxc3 a6 17. Qe3 b5 18. Nd2 e5 19. Ne4 Bxe4 20. Qxe4 exd4
21. Bg4 Re8 22. Qf4 Be5 23. Qg5 Rcd8 24. cxd4 Nxd4 25. h4 Bf6 26. Qd2 Bxh4 27.
Bf4 Qf6 28. Be3 Nf3+ 29. Bxf3 Rxd2 30. Rxd2 Bg5 31. Bxg5 Qxg5 32. Rdc2 Re6 33.
Rc5 Qd2 34. R5c2 Re1+ 35. Rxe1 Qxe1+ 36. Kh2 Qe6 37. g3 Kg7 38. Kg2 h5 39. Re2
Qc4 40. Rd2 a5 41. Bd5 Qc3 42. Re2 Qd3 43. Re5 Kf6 44. f4 a4 45. Kh3 b4 46. Be4
Qd1 47. Bd5 b3 48. axb3 axb3 49. Bc4 Qh1# 0-1

[Event "European Blitz Championship 2021"]
[Site "Katowice"]
[Date "2021.12.17"]
[Round "10.29"]
[White "Kyc, Jerzy"]
[Black "Bogdanov, Ignat"]
[Result "1-0"]
[WhiteElo "2250"]
[BlackElo "2116"]
[Annotator "NA"]
[PlyCount "27"]
[EventDate "2021.12.17"]
[EventType "swiss"]
[EventCountry "POL"]
[SourceTitle "playchess.com"]
[Source "ChessBase"]
[SourceQuality "1"]

1. e4 e6 2. d4 d5 3. Nd2 dxe4 4. Nxe4 Nf6 5. Nxf6+ gxf6 6. Nf3 Nc6 7. Bd3 e5 8.
dxe5 fxe5 9. O-O Bg4 10. h3 Bh5 11. Re1 Bd6 12. Nxe5 Bxd1 13. Nxc6+ Kd7 14.
Nxd8 1-0

[Event "European Blitz Championship 2021"]
[Site "Katowice"]
[Date "2021.12.17"]
[Round "10.30"]
[White "Mica, Marek"]
[Black "Zalega, Maciej"]
[Result "0-1"]
[WhiteElo "2055"]
[BlackElo "1566"]
[Annotator "ChessBase"]
[PlyCount "106"]
[EventDate "2021.12.17"]
[EventType "swiss"]
[EventCountry "POL"]
[SourceTitle "playchess.com"]
[Source "ChessBase"]
[SourceQuality "1"]

1. c4 Nf6 2. Nc3 g6 3. Nf3 Bg7 4. g3 d6 5. d4 O-O 6. Bg2 Nc6 7. O-O Bg4 8. h3
Bxf3 9. Bxf3 Nd7 10. e3 e5 11. d5 Ne7 12. Bg2 f5 13. f4 Nb6 14. Qd3 e4 15. Qe2
c6 16. dxc6 bxc6 17. Bd2 d5 18. cxd5 cxd5 19. Rfd1 Nc4 20. Rab1 Rc8 21. Kh2 Qb6
22. Na4 Qb7 23. Bc3 Rfd8 24. Bxg7 Kxg7 25. b3 Nb6 26. Qb2+ Kg8 27. Nc3 Rc5 28.
Rd2 Rdc8 29. Ne2 Qc6 30. Nd4 Qf6 31. Rbd1 Nc6 32. Nxc6 Qxb2 33. Rxb2 R8xc6 34.
Rbd2 Rc2 35. Bf1 a5 36. Bb5 R6c5 37. a4 Rxd2+ 38. Rxd2 Rc3 39. Kg2 Rxe3 40. Bc6
Rxb3 41. Bxd5+ Nxd5 42. Rxd5 Rb2+ 43. Kf1 Rh2 44. h4 Ra2 45. Rxa5 Kg7 46. Ra7+
Kh6 47. a5 Kh5 48. Rxh7+ Kg4 49. Ke1 Kf3 50. Rd7 e3 51. Rd1 Rxa5 52. Rb1 Ra2
53. Rc1 Rh2 0-1

[Event "European Blitz Championship 2021"]
[Site "Katowice"]
[Date "2021.12.17"]
[Round "11.1"]
[White "Duda, Jan-Krzysztof"]
[Black "Vetoshko, Volodymyr"]
[Result "1-0"]
[WhiteElo "2756"]
[BlackElo "2525"]
[Annotator "TA"]
[PlyCount "69"]
[EventDate "2021.12.17"]
[EventType "swiss"]
[EventCountry "POL"]
[SourceTitle "playchess.com"]
[Source "ChessBase"]
[SourceQuality "1"]

1. d4 d5 2. c4 e6 3. Nc3 a6 4. cxd5 exd5 5. Nf3 Nf6 6. Bg5 Be6 7. e3 Nbd7 8. h3
Bd6 9. Bd3 c6 10. Bf4 Qc7 11. Qd2 Nh5 12. Bxd6 Qxd6 13. Qc2 Nhf6 14. O-O-O O-O
15. g4 g6 16. Kb1 c5 17. dxc5 Nxc5 18. Nd4 Rfe8 19. f3 Rac8 20. h4 Bd7 21. Qd2
b5 22. Rde1 b4 23. Nce2 a5 24. Nf4 Re5 25. g5 Ne8 26. Bc2 Qb6 27. h5 Rxg5 28.
hxg6 fxg6 29. Qh2 Nf6 30. Qh4 b3 31. axb3 Re5 32. Nxg6 hxg6 33. Bxg6 Kf8 34.
Qf4 Re7 35. Rh8+ 1-0

[Event "European Blitz Championship 2021"]
[Site "Katowice"]
[Date "2021.12.17"]
[Round "11.1"]
[White "Skawinski, Arkadiusz"]
[Black "Janik, Igor"]
[Result "1/2-1/2"]
[WhiteElo "2184"]
[BlackElo "2508"]
[Annotator "ChessBase"]
[PlyCount "95"]
[EventDate "2021.12.17"]
[EventType "swiss"]
[EventCountry "POL"]
[SourceTitle "playchess.com"]
[Source "ChessBase"]
[SourceQuality "1"]

1. e4 c6 2. Nf3 d5 3. Nc3 Bg4 4. h3 Bxf3 5. Qxf3 e6 6. d4 dxe4 7. Qxe4 Nf6 8.
Qd3 Na6 9. Be3 Nb4 10. Qd2 Nbd5 11. Nxd5 Nxd5 12. Be2 Nxe3 13. Qxe3 Be7 14. O-O
O-O 15. Rad1 Qb6 16. Qb3 Rfd8 17. c3 Qc7 18. Bf3 Rd7 19. Rd3 Rad8 20. Rfd1 c5
21. Qc4 Qf4 22. g3 Qf5 23. Kg2 a6 24. a4 h5 25. d5 g6 26. Be4 Qf6 27. dxe6 Rxd3
28. exf7+ Qxf7 29. Qxf7+ Kxf7 30. Bxd3 Kf6 31. Kf3 b5 32. axb5 axb5 33. Ke2 b4
34. cxb4 cxb4 35. Rc1 Rd6 36. Rc8 Re6+ 37. Kf3 Kg7 38. Bc4 Rf6+ 39. Kg2 Bd6 40.
h4 Be5 41. b3 Bd4 42. f4 Bc3 43. Kf3 Rd6 44. Rc7+ Kh8 45. Rc5 Kg7 46. f5 gxf5
47. Kf4 Rg6 48. Rxf5 1/2-1/2

[Event "European Blitz Championship 2021"]
[Site "Katowice"]
[Date "2021.12.17"]
[Round "11.2"]
[White "Demchenko, Anton"]
[Black "Lubczynski, Rafal"]
[Result "1-0"]
[WhiteElo "2655"]
[BlackElo "2361"]
[Annotator "ChessBase"]
[PlyCount "131"]
[EventDate "2021.12.17"]
[EventType "swiss"]
[EventCountry "POL"]
[SourceTitle "playchess.com"]
[Source "ChessBase"]
[SourceQuality "1"]

1. e4 d6 2. d4 Nf6 3. Nc3 e5 4. Nf3 Nbd7 5. Bc4 Be7 6. O-O O-O 7. a4 a5 8. Re1
c6 9. h3 h6 10. Be3 Qc7 11. Ba2 Rd8 12. Qe2 exd4 13. Bxd4 Ne5 14. Nd2 Re8 15.
f4 Ng6 16. Qf2 Nh5 17. f5 Bh4 18. Qf3 Ngf4 19. Bf2 Bxf2+ 20. Qxf2 d5 21. exd5
Bxf5 22. Nc4 cxd5 23. Nb6 Rad8 24. Nbxd5 Qd6 25. Rxe8+ Rxe8 26. Rd1 Qb8 27.
Nxf4 Nxf4 28. Rf1 g5 29. Qf3 Qa7+ 30. Kh1 Bg6 31. Nd5 Nxd5 32. Bxd5 b6 33. Qf6
Kh7 34. Bxf7 Bxf7 35. Qxf7+ Qxf7 36. Rxf7+ Kg6 37. Rb7 Re6 38. Kg1 Kf5 39. Kf2
h5 40. c3 h4 41. Kf3 Rd6 42. Rf7+ Kg6 43. Re7 Kf5 44. Re2 Rd3+ 45. Kf2 Rd1 46.
Ke3 Ke5 47. Rd2 Ra1 48. b3 Rc1 49. Kd3 Kf4 50. Re2 Kg3 51. Kc4 Rf1 52. b4 Rf2
53. Re5 Kxg2 54. Rxg5+ Kxh3 55. Rg6 Rf4+ 56. Kb5 axb4 57. cxb4 Rg4 58. Rxb6 Kg2
59. Rh6 h3 60. a5 h2 61. Rxh2+ Kxh2 62. a6 Kg3 63. a7 Rg8 64. Ka6 Kf4 65. b5
Rg1 66. a8=Q 1-0

[Event "European Blitz Championship 2021"]
[Site "Katowice"]
[Date "2021.12.17"]
[Round "11.2"]
[White "Sliwicki, Damian"]
[Black "Bernadskiy, Vitaliy"]
[Result "0-1"]
[WhiteElo "2151"]
[BlackElo "2592"]
[Annotator "ChessBase"]
[PlyCount "65"]
[EventDate "2021.12.17"]
[EventType "swiss"]
[EventCountry "POL"]
[SourceTitle "playchess.com"]
[Source "ChessBase"]
[SourceQuality "1"]

1. e4 c5 2. Nf3 d6 3. d4 cxd4 4. Qxd4 Nf6 5. Bg5 Nc6 6. Bb5 Nd7 7. Bxc6 bxc6 8.
c4 h6 9. Bh4 Qb6 10. Qd2 Nc5 11. Nc3 Qxb2 12. Qxb2 Nd3+ 13. Ke2 Nxb2 14. Nd2
Ba6 15. Rab1 Nxc4 16. Nxc4 Bxc4+ 17. Kd2 g5 18. Bg3 Bg7 19. Rb7 Bf6 20. Rc1 O-O
21. Ne2 Bxa2 22. Rxc6 a5 23. Nc3 Be6 24. Nd5 Bxd5 25. exd5 a4 26. Rc2 Ra5 27.
Ra2 Rxd5+ 28. Ke2 Ra8 29. Rb4 a3 30. Rb3 Rda5 31. f3 Kg7 32. Be1 Ra4 33. Kd3
0-1

[Event "European Blitz Championship 2021"]
[Site "Katowice"]
[Date "2021.12.17"]
[Round "11.3"]
[White "Pakleza, Zbigniew"]
[Black "Szpar, Milosz"]
[Result "1/2-1/2"]
[WhiteElo "2496"]
[BlackElo "2285"]
[Annotator "ChessBase"]
[PlyCount "111"]
[EventDate "2021.12.17"]
[EventType "swiss"]
[EventCountry "POL"]
[SourceTitle "playchess.com"]
[Source "ChessBase"]
[SourceQuality "1"]

1. d4 Nf6 2. Bf4 d5 3. e3 e6 4. Nd2 Bd6 5. Bg3 O-O 6. Ngf3 c5 7. c3 Qc7 8. Ne5
b6 9. f4 Nc6 10. Bd3 a5 11. Qe2 Ne7 12. Bf2 Bb7 13. O-O Ne4 14. Nxe4 dxe4 15.
Bb5 Nd5 16. a3 Rac8 17. Rfd1 f6 18. Nc4 Be7 19. dxc5 Bxc5 20. Nd2 e5 21. f5 Ne7
22. Qg4 Nd5 23. Re1 Kh8 24. Nxe4 Rfd8 25. h4 Bf8 26. Rad1 Ne7 27. h5 h6 28. Ng3
Ba8 29. Rxd8 Rxd8 30. Rd1 Qb7 31. Bf1 Rxd1 32. Qxd1 Qc8 33. e4 Qc7 34. Be3 Nc8
35. Qf3 Bc5 36. Bb5 Nd6 37. Bd3 b5 38. Kh2 Qb6 39. Bxc5 Qxc5 40. Bc2 a4 41. Qd3
Bc6 42. Bb1 Bb7 43. Ba2 Bc6 44. Be6 Bb7 45. Qf3 Bc6 46. Qg4 Qe3 47. Qg6 Be8 48.
Qg4 Qf4 49. Qf3 Qh4+ 50. Kg1 Qg5 51. Kf2 Qd2+ 52. Qe2 Qf4+ 53. Qf3 Qd2+ 54. Qe2
Qf4+ 55. Qf3 Qd2+ 56. Qe2 1/2-1/2

[Event "European Blitz Championship 2021"]
[Site "Katowice"]
[Date "2021.12.17"]
[Round "11.3"]
[White "Reimanis, Ritvars"]
[Black "Masternak, Grzegorz"]
[Result "0-1"]
[WhiteElo "2397"]
[BlackElo "2188"]
[Annotator "NA"]
[PlyCount "70"]
[EventDate "2021.12.17"]
[EventType "swiss"]
[EventCountry "POL"]
[SourceTitle "playchess.com"]
[Source "ChessBase"]
[SourceQuality "1"]

1. d4 d5 2. c4 Nc6 3. Nf3 Bg4 4. e3 e5 5. Be2 exd4 6. Nxd4 Bxe2 7. Qxe2 Nxd4 8.
exd4+ Be7 9. c5 Nf6 10. Qb5+ Qd7 11. Qxb7 O-O 12. O-O Rfb8 13. Qa6 Ne4 14. Nc3
Rb4 15. Qd3 Nxc3 16. bxc3 Rc4 17. Bd2 Qa4 18. Rfb1 Bf6 19. g3 Re8 20. Rb3 Qd7
21. Rb7 a5 22. Bf4 Bd8 23. Rab1 g5 24. Be3 f5 25. c6 Qe6 26. R7b5 a4 27. Rc5 f4
28. gxf4 Qg4+ 29. Kf1 gxf4 30. Rxc4 fxe3 31. Rc5 e2+ 32. Ke1 Qg1+ 33. Kd2 e1=Q+
34. Rxe1 Qxe1+ 35. Kc2 Re2+ 0-1

[Event "European Blitz Championship 2021"]
[Site "Katowice"]
[Date "2021.12.17"]
[Round "11.4"]
[White "Diermair, Andreas"]
[Black "Rudnicki, Milosz"]
[Result "1-0"]
[WhiteElo "2357"]
[BlackElo "2161"]
[Annotator "NA"]
[PlyCount "29"]
[EventDate "2021.12.17"]
[EventType "swiss"]
[EventCountry "POL"]
[SourceTitle "playchess.com"]
[Source "ChessBase"]
[SourceQuality "1"]

1. d4 Nf6 2. Nf3 e6 3. g3 b6 4. Bg2 Bb7 5. O-O d5 6. c4 Be7 7. cxd5 exd5 8. Nc3
O-O 9. Bf4 Nbd7 10. Rc1 c5 11. dxc5 Nxc5 12. Nd4 Nfe4 13. Nxe4 Nxe4 14. Rc7 Nd6
15. Bxd6 1-0

[Event "European Blitz Championship 2021"]
[Site "Katowice"]
[Date "2021.12.17"]
[Round "11.4"]
[White "Kowalski, Igor"]
[Black "Schneider, Ilja"]
[Result "0-1"]
[WhiteElo "2276"]
[BlackElo "2486"]
[Annotator "ChessBase"]
[PlyCount "84"]
[EventDate "2021.12.17"]
[EventType "swiss"]
[EventCountry "POL"]
[SourceTitle "playchess.com"]
[Source "ChessBase"]
[SourceQuality "1"]

1. d4 d5 2. c4 c6 3. e3 Nf6 4. Nc3 a6 5. Nf3 b5 6. cxd5 cxd5 7. Bd3 Bb7 8. O-O
Nbd7 9. a4 b4 10. Na2 e6 11. Bd2 a5 12. Nc1 Bd6 13. Nb3 O-O 14. Rc1 Qb6 15. Qe2
Rfc8 16. Bb5 Bc6 17. Bxc6 Rxc6 18. Qb5 Qxb5 19. axb5 Rb6 20. Rc6 Ne8 21. Nc5
Rxc6 22. bxc6 Nxc5 23. dxc5 Bxc5 24. Rc1 Bd6 25. Nd4 Nc7 26. b3 Kf8 27. Kf1 Ke7
28. Ke2 Be5 29. Nf3 Bf6 30. Ne1 Ra6 31. f3 Kd6 32. e4 Rxc6 33. Rd1 Ke7 34. Nd3
dxe4 35. fxe4 Rc2 36. Kf3 Bc3 37. Bf4 Nb5 38. Kg3 Nd4 39. Be3 Nxb3 40. Nc5 Nxc5
41. Bxc5+ Ke8 42. Bb6 b3 0-1

[Event "European Blitz Championship 2021"]
[Site "Katowice"]
[Date "2021.12.17"]
[Round "11.5"]
[White "Dragnev, Valentin"]
[Black "Durarbayli, Vasif"]
[Result "1/2-1/2"]
[WhiteElo "2548"]
[BlackElo "2629"]
[Annotator "ChessBase"]
[PlyCount "151"]
[EventDate "2021.12.17"]
[EventType "swiss"]
[EventCountry "POL"]
[SourceTitle "playchess.com"]
[Source "ChessBase"]
[SourceQuality "1"]

1. e4 c5 2. Nf3 d6 3. d4 cxd4 4. Nxd4 Nf6 5. Nc3 Nc6 6. Bg5 e6 7. Qd2 Qb6 8.
Bxf6 gxf6 9. Nb3 a6 10. O-O-O Bd7 11. f4 O-O-O 12. Kb1 Kb8 13. Be2 h5 14. Rhf1
Be7 15. g3 Na5 16. Nd4 Rc8 17. f5 Nc4 18. Bxc4 Rxc4 19. Nde2 h4 20. gxh4 Rxh4
21. Nf4 Qc6 22. fxe6 Bxe6 23. Nfd5 Bd8 24. Nxf6 Ba5 25. Rf3 Bxc3 26. Rxc3 Rxc3
27. Qxc3 Qxc3 28. bxc3 Rf4 29. Ne8 Rxe4 30. Nxd6 Rh4 31. Rd2 Kc7 32. Ne8+ Kc6
33. Kb2 Rh6 34. a4 a5 35. Nd6 b6 36. Nb5 Bc4 37. Nd4+ Kc7 38. Nf3 Be6 39. Ng5
Bd7 40. Nxf7 Rh4 41. Ne5 Bxa4 42. Nf3 Rh3 43. Nd4 Bd7 44. Rf2 a4 45. Nf3 Bc6
46. Ne5 Bd5 47. Nd3 Bc4 48. Rd2 b5 49. Ka3 Rh4 50. Nb2 Be6 51. Re2 Kd6 52. Rd2+
Kc7 53. Nd3 Bf5 54. Nb4 Be6 55. Kb2 Rh3 56. Nd3 Rh4 57. Rf2 Kd6 58. Rg2 Rh3 59.
Rg5 Bc4 60. Rg6+ Kc7 61. Rg7+ Kd6 62. Rg6+ Kc7 63. Ne5 Rxh2 64. Nxc4 bxc4 65.
Rg4 a3+ 66. Kxa3 Rxc2 67. Rxc4+ Kb6 68. Kb3 Rh2 69. Rg4 Rh5 70. Kb4 Kc6 71. c4
Kb6 72. Rg6+ Kc7 73. Rf6 Rg5 74. c5 Rg1 75. Rf7+ Kc6 76. Rf6+ 1/2-1/2

[Event "European Blitz Championship 2021"]
[Site "Katowice"]
[Date "2021.12.17"]
[Round "11.5"]
[White "Balacek, Tadeas"]
[Black "Sanz Wawer, Daniel"]
[Result "1-0"]
[WhiteElo "2312"]
[BlackElo "2102"]
[Annotator "NA"]
[PlyCount "137"]
[EventDate "2021.12.17"]
[EventType "swiss"]
[EventCountry "POL"]
[SourceTitle "playchess.com"]
[Source "ChessBase"]
[SourceQuality "1"]

1. d4 Nf6 2. c4 e6 3. Nc3 Bb4 4. e3 O-O 5. Bd2 d5 6. Nf3 b6 7. cxd5 exd5 8. Bd3
Re8 9. O-O Bb7 10. Rc1 Nbd7 11. Nb5 Bd6 12. Nxd6 cxd6 13. Qa4 Ne4 14. Bb4 Nf8
15. Ba6 Bxa6 16. Qxa6 Qd7 17. Rc2 Rac8 18. Rfc1 Rxc2 19. Rxc2 h6 20. a4 Ne6 21.
b3 N6g5 22. Nxg5 Nxg5 23. Qb5 Qe6 24. Rc7 Rc8 25. Qc6 Rxc7 26. Qxc7 Qg4 27. Qc2
Nf3+ 28. Kh1 Nh4 29. f3 Qg5 30. Qe2 Nf5 31. Bd2 Qe7 32. Qd3 g6 33. Kg1 Qc7 34.
e4 dxe4 35. fxe4 Ne7 36. Bxh6 d5 37. Bg5 Qd7 38. e5 Nf5 39. Bf6 Qc6 40. Qd2 Kh7
41. g4 Nh6 42. h3 b5 43. axb5 Qxb5 44. Qc2 Qb4 45. Qd1 Qc3 46. Kh2 Qe3 47. Bh4
a5 48. Bg3 Qc3 49. Kg2 Qe3 50. Bf2 Qc3 51. Qf3 Qc2 52. Qxd5 Qe2 53. Qf3 Qd2 54.
d5 Kg7 55. d6 Ng8 56. Qe3 Qd5+ 57. Qf3 Qxe5 58. Qd3 Nf6 59. d7 Nxd7 60. Qxd7
Qe4+ 61. Kh2 Qf4+ 62. Kg1 Qc1+ 63. Kg2 Qc2 64. Qd4+ Kh7 65. Qc4 Qd2 66. Qxf7+
Kh6 67. Qc4 Qb2 68. Qf4+ Kg7 69. Qd4+ 1-0

[Event "European Blitz Championship 2021"]
[Site "Katowice"]
[Date "2021.12.17"]
[Round "11.6"]
[White "Gdanski, Jacek"]
[Black "Laurusas, Tomas"]
[Result "0-1"]
[WhiteElo "2367"]
[BlackElo "2553"]
[Annotator "ChessBase"]
[PlyCount "113"]
[EventDate "2021.12.17"]
[EventType "swiss"]
[EventCountry "POL"]
[SourceTitle "playchess.com"]
[Source "ChessBase"]
[SourceQuality "1"]

1. e4 c5 2. Nc3 e6 3. Nf3 a6 4. d4 cxd4 5. Nxd4 Ne7 6. f4 Nec6 7. Nf3 b5 8. Bd3
b4 9. Ne2 Bc5 10. Ng3 O-O 11. Qe2 Nd4 12. Nxd4 Bxd4 13. e5 Bb7 14. Bxh7+ Kxh7
15. Qd3+ f5 16. Qxd4 Nc6 17. Qf2 Rc8 18. O-O Ne7 19. Be3 Qc7 20. Rac1 Nd5 21.
Bd4 Qa5 22. Nh5 Rf7 23. Qh4 Kg8 24. Rf3 Qd8 25. Qf2 a5 26. Rg3 Rc4 27. b3 Rc8
28. h3 a4 29. Kh2 a3 30. Rg5 Qe7 31. Nf6+ Kf8 32. Nh7+ Ke8 33. Rg6 Nc3 34. Ng5
Ne4 35. Qh4 Nxg5 36. Rxg5 Qf8 37. c4 bxc3 38. Bxc3 Qe7 39. Qh7 Rc6 40. Qg6 Kd8
41. Ba5+ Kc8 42. Rxc6+ Bxc6 43. Rh5 Rf8 44. Rh7 Qc5 45. Qxg7 Kb7 46. b4 Qc2 47.
b5 Qa4 48. bxc6+ Ka6 49. Qg3 Qxa5 50. cxd7 Rd8 51. Qd3+ Kb7 52. Qd6 Qa4 53. Qd2
Qc4 54. Rg7 Kc7 55. h4 Qb5 56. h5 Qb2 57. Qa5+ 0-1

[Event "European Blitz Championship 2021"]
[Site "Katowice"]
[Date "2021.12.17"]
[Round "11.6"]
[White "Ustianovich, Nazar"]
[Black "Semjonovs, Ilja"]
[Result "1-0"]
[WhiteElo "2278"]
[BlackElo "2095"]
[Annotator "NA"]
[PlyCount "69"]
[EventDate "2021.12.17"]
[EventType "swiss"]
[EventCountry "POL"]
[SourceTitle "playchess.com"]
[Source "ChessBase"]
[SourceQuality "1"]

1. d4 Nf6 2. Nf3 c5 3. d5 e6 4. c4 b5 5. dxe6 fxe6 6. cxb5 d5 7. Nbd2 Bb7 8. g3
Be7 9. Bg2 O-O 10. O-O Nbd7 11. b3 Qb6 12. e4 Qxb5 13. Ng5 Qb6 14. Bh3 Ne5 15.
Nxe6 Rfe8 16. Nf4 dxe4 17. Nc4 Nxc4 18. bxc4 Bd6 19. Be3 Ba6 20. Qc2 Qc7 21.
Be6+ Kh8 22. Nd5 Nxd5 23. Bxd5 Bb7 24. Bxb7 Qxb7 25. Rad1 Qa6 26. Rd5 Bf8 27.
Rfd1 Rac8 28. h4 Rc7 29. h5 Rec8 30. h6 gxh6 31. Rd7 Rxd7 32. Rxd7 Qf6 33. Bd2
Bg7 34. Rxg7 Rf8 35. Bc3 1-0